| 000 | 00689nam a2200205 a 4500 | ||
|---|---|---|---|
| 005 | 20231024063626.0 | ||
| 008 | 991125s1943 mx 000 0 spa u | ||
| 035 | _aUPN01000004435 | ||
| 049 | _aLT | ||
| 050 | 4 |
_aLB1589 M6.1 _bJ5.3 |
|
| 100 | 1 | _aJiménez, Rafael | |
| 245 | 1 | 0 |
_aAritmética y geometría 1er. año : _bprimer semestre de unidades de trabajo / _cRafael Jiménez. |
| 260 |
_aMéxico : _bRumbos, _c1943. |
||
| 300 |
_a142 p. : _bil. |
||
| 650 | 4 |
_aAritmética _xEstudio y enseñanza (Elemental) _95289 |
|
| 650 | 4 |
_aGeometría _xEstudio y enseñanza (Elemental) _94869 |
|
| 650 | 4 |
_aMatemáticas _xEstudio y enseñanza (Elemental) _92809 |
|
| 905 | _aLibro | ||
| 999 |
_c4435 _d4435 |
||